Countries Most Similar To Togo - Statistics

General Stats
  • This quiz has been taken 19 times
  • The average score is 15 of 20
Answer Stats
Rank Country Score % Correct
1 Benin 86
100%
4 Burkina Faso 77.7
100%
11 Ghana 74.3
92%
2 Ivory Coast 80.4
92%
17 Nigeria 71.9
92%
8 Senegal 75.1
92%
3 Cameroon 78.3
83%
5 Guinea 77.7
83%
15 Gabon 72.2
75%
19 Mali 71.6
75%
6 Republic of the Congo 76.3
75%
16 Angola 72.1
67%
7 CAR 75.9
67%
14 Uganda 72.6
67%
10 Burundi 74.5
58%
12 Guinea Bissau 73.1
58%
18 Rwanda 71.7
58%
20 Mozambique 71.1
50%
13 Tanzania 72.8
50%
9 DRC 74.9
42%
No matching quizzes found
Score Distribution
Percent of People with Each Score
Percentile by Number Answered
Your Score History
You have not taken this quiz